Acerca de los niños : (Record no. 365)

MARC details
000 -CABECERA
campo de control de longitud fija 00643nam a2200205 a 4500
005 - FECHA Y HORA DE LA ÚLTIMA TRANSACCIÓN
campo de control 20240925064055.0
008 - ELEMENTOS DE LONGITUD FIJA--INFORMACIÓN GENERAL
campo de control de longitud fija 991125s1978 mx 000 0 spa u
020 ## - NÚMERO INTERNACIONAL NORMALIZADO PARA LIBROS
Número Internacional Estándar del Libro 9681600517
035 ## - NÚMERO DE CONTROL DEL SISTEMA
Número de control de sistema UPN01000000365
049 ## - COLECCIÓN
Colección CG
050 #4 - SIGNATURA TOPOGRÁFICA DE LA BIBLIOTECA DEL CONGRESO
Número de clasificación RJ131
Número de documento/Ítem L4.28
100 1# - ASIENTO PRINCIPAL--NOMBRE PERSONAL
Nombre de persona Lefrancois, Guy R.,
Fechas asociadas al nombre 1940-
9 (RLIN) 28978
245 10 - MENCIÓN DE TÍTULO
Título Acerca de los niños :
Resto del título una introducción al desarrollo del niño /
Mención de responsabilidad, etc. Guy R. Lefrancois ; tr. Celia H. Paschero.
260 ## - PUBLICACIÓN, DISTRIBUCIÓN, ETC.
Lugar de publicación, distribución, etc. México :
Nombre del editor, distribuidor, etc. FCE,
Fecha de publicación, distribución, etc. 1978.
300 ## - DESCRIPCIÓN FÍSICA
Extensión 514 p.
440 #0 - MENCIÓN DE SERIE/ASIENTO SECUNDARIO--TÍTULO
Título Biblioteca de psicología y psicoanálisis
650 #4 - ASIENTO SECUNDARIO DE MATERIA - TERMINO TEMATICO
Término de materia o nombre geográfico como elemento de entrada Niño, Estudio del
9 (RLIN) 221
650 #4 - ASIENTO SECUNDARIO DE MATERIA - TERMINO TEMATICO
Término de materia o nombre geográfico como elemento de entrada Niños
Subdivisión general Crecimiento
9 (RLIN) 15181
905 ## - TIPO DE MATERIAL
Tipo de material Libro
Holdings
Estado de retiro Estado de pérdida Fuente del sistema de clasificación o colocación Estado dañado No para préstamo Código de colección Localización permanente Ubicación/localización actual Ubicación en estantería Total de préstamos Renovaciones totales Clasificación Código de barras Fecha visto por última vez Fecha del último préstamo Número de copia Tipo de ítem Koha Fecha de adquisición
    Library of Congress Classification     Colección General Bib. Gregorio Torres Quintero Bib. Gregorio Torres Quintero Planta baja 13 1 RJ131 L4.28 155747 29/04/2021 26/04/2021 1 Libro  
    Library of Congress Classification     Colección General Bib. Gregorio Torres Quintero Bib. Gregorio Torres Quintero Planta baja 4   RJ131 L4.28 52232 12/11/2024 07/11/2024 1 Libro  
    Library of Congress Classification   En restauración Colección General Bib. Gregorio Torres Quintero Bib. Gregorio Torres Quintero Planta baja 9   RJ131 L4.28 26484 31/12/2020   1 Libro 12/03/2024
    Library of Congress Classification     Colección General Bib. Gregorio Torres Quintero Bib. Gregorio Torres Quintero Planta baja 23   RJ131 L4.28 10266 10/03/2023 07/03/2023 1 Libro 07/03/2023
    Library of Congress Classification     Colección General Bib. Gregorio Torres Quintero Bib. Gregorio Torres Quintero Planta baja 7   RJ131 L4.28 26485 31/12/2020   1 Libro 12/09/2023